| 000 | 00974cam a22003134a 4500 | ||
|---|---|---|---|
| 001 | 14235871 | ||
| 005 | 20180312104732.0 | ||
| 008 | 060119s2006 maua b 001 0 eng | ||
| 010 | _a 2006001716 | ||
| 015 |
_aGBA651127 _2bnb |
||
| 016 | 7 |
_a013480428 _2Uk |
|
| 020 | _a1405126981 (pbk. : alk. paper) | ||
| 020 | _a9781405126984 (pbk. : alk. paper) | ||
| 035 | _a(OCoLC)ocm63178837 | ||
| 035 | _a(OCoLC)63178837 | ||
| 040 |
_aDLC _cDLC _dDLC |
||
| 041 | _aeng | ||
| 042 | _apcc | ||
| 080 | _a150 ROM | ||
| 082 | 0 | 0 |
_a150 ROM _222 |
| 100 | _a6 | ||
| 101 | _aANA | ||
| 245 | 0 | 0 |
_aPsychology & you : _cJulia C. Berryman ... [et al.]. |
| 246 | 3 | 0 | _aPsychology and you |
| 504 | _aIncludes bibliographical references (p. 224-236) and index. | ||
| 906 |
_a7 _bcbc _corignew _d1 _eecip _f20 _gy-gencatlg |
||
| 942 |
_2ddc _cBK |
||
| 999 |
_c44802 _d44802 |
||